Logo BPK

Bibliografia Prac Pracowników

Politechniki Koszalińskiej

Rodzina zróżnicowana liczbą dzieci w literaturze / (Rekord nr 9248)

Szczegóły MARC
000 -ETYKIETA REKORDU
podpole kontrolne o stałej długości 00681naa a2200169 i 4500
001 - NUMER KONTROLNY REKORDU
podpole kontrolne 9248
003 - IDENTYFIKATOR NUMERU KONTROLNEGO REKORDU
podpole kontrolne KOSZ 005
005 - DATA OSTATNIEJ MODYFIKACJI REKORDU
podpole kontrolne 20180410121713.0
008 - POLE O STAŁEJ DŁUGOŚCI - DANE KONTROLNE
podpole kontrolne o stałej długości 151123s1995 pl n f |000 0pol
040 ## - ŹRÓDŁO KATALOGOWANIA
Instytucja, która utworzyła rekord BPK
Instytucja, która dokonała modyfikacji KOSZ 005/EG
080 ## - UNIWERSALNA KLASYFIKACJA DZIESIĘTNA - UKD
UKD 37
100 1# - NAZWA OSOBOWA
Nazwa osobowa SKRZYPNIAK, Ryszard.
Lata pracy 1992 - 1996.
Instytucja Wyższa Szkoła Inżynierska w Koszalinie - Wydział Mechaniczny,
Wydział Katedra Nauk Pedagogicznych
245 10 - TYTUŁ/ODPOWIEDZIALNOŚĆ
Tytuł Rodzina zróżnicowana liczbą dzieci w literaturze /
Pozostałe elementy strefy tytułu i oznaczenia odpowiedzialności Ryszard Skrzypniak.
650 #0 - HASŁO PRZEDMIOTOWE W FORMIE NAZWY OGÓLNEJ LUB JEDNOSTKOWEJ
Nazwa ogólna lub geograficzna Rodzina.
773 0# - TYTUŁ DOKUMENTU MACIERZYSTEGO
Tytuł Rodzina, wychowanie, nauczanie : praca zbiorowa. T. 2 / pod red. Henryka Pielki. -
Adres wydawniczy Koszalin : Wydaw. Uczelniane WSI, 1995. -
Informacje dotyczące relacji s. 31-50
Wyrażenie wprowadzające W :
942 ## - HASŁO DODATKOWE - ELEMENTY(KOHA)
Typ dokumentu Rozdział
Schemat klasyfikacji Uniwersalna klasyfikacja dziesiętna

Brak dostępnych egzemplarzy.

© 2014 Biblioteka Politechniki Koszalińskiej :: BIBLIOGRAFIA PRAC PRACOWNIKÓW